[Event "CZE-chTV 0001"]
[Site "Czech Republic"]
[Date "2000.??.??"]
[Round "5"]
[White "Kotrba, Tomas"]
[Black "Vanka, Miloslav"]
[Result "1/2-1/2"]
[WhiteElo "2190"]
[BlackElo "2225"]
[PlyCount "51"]
[EventDate "2000.??.??"]
[EventType "team-tourn"]
[EventRounds "11"]
[EventCountry "CZE"]
[SourceTitle "EXT 2002"]
[Source "ChessBase"]
[SourceDate "2001.11.25"]
[SourceVersion "1"]
[SourceVersionDate "2001.11.25"]
[SourceQuality "1"]

1. d4 f5 2. Nc3 d5 3. e4 dxe4 4. f3 e5 5. dxe5 Qxd1+ 6. Kxd1 Be6 7. fxe4 Nc6 8. Nf3 0-0-0+ 9. Bd2 fxe4 10. Nxe4 Bg4 11. Be2 Bxf3 12. Bxf3 Nxe5 13. Be2 Nf6 14. Nxf6 gxf6 15. Kc1 Rg8 16. g3 Ng4 17. c3 Bc5 18. Kc2 Ne3+ 19. Bxe3 Bxe3 20. Rad1 c6 21. Bd3 h6 22. Rhe1 Bc5 23. Bf5+ Kc7 24. Rxd8 Rxd8 25. Re6 Rf8 26. Kd3 1/2-1/2

[Event "CZE-chTV 0001"]
[Site "Czech Republic"]
[Date "2000.??.??"]
[Round "5"]
[White "Vesely, Tomas"]
[Black "Kotrba, Tomas"]
[Result "1/2-1/2"]
[WhiteElo "2085"]
[BlackElo "2190"]
[PlyCount "42"]
[EventDate "2000.??.??"]
[EventType "team-tourn"]
[EventRounds "11"]
[EventCountry "CZE"]
[SourceTitle "EXT 2002"]
[Source "ChessBase"]
[SourceDate "2001.11.25"]
[SourceVersion "1"]
[SourceVersionDate "2001.11.25"]
[SourceQuality "1"]

1. e4 e5 2. Nf3 Nc6 3. d4 exd4 4. Bc4 Nf6 5. 0-0 Nxe4 6. Re1 d5 7. Bxd5 Qxd5 8. Nc3 Qa5 9. Nxe4 Be6 10. Bd2 Bb4 11. Nxd4 Nxd4 12. c3 Be7 13. cxd4 Qd5 14. Qa4+ Qd7 15. Qxd7+ Kxd7 16. Nc5+ Bxc5 17. dxc5 Rhe8 18. Bc3 Bd5 19. a3 g6 20. f3 Rxe1+ 21. Rxe1 Re8 1/2-1/2

[Event "CZE-chT2V 9899"]
[Site "Czech Republic"]
[Date "1999.??.??"]
[Round "?"]
[White "Kotrba, Tomas"]
[Black "Korsa, Jindrich"]
[Result "0-1"]
[WhiteElo "2210"]
[BlackElo "2007"]
[PlyCount "74"]
[EventDate "1998.??.??"]
[EventType "team-tourn"]
[EventRounds "11"]
[EventCountry "CZE"]
[SourceTitle "EXT 2000"]
[Source "ChessBase"]
[SourceDate "1999.11.16"]
[SourceVersion "1"]
[SourceVersionDate "1999.11.16"]
[SourceQuality "1"]

1. d4 Nf6 2. Nf3 g6 3. c4 Bg7 4. Nc3 0-0 5. e4 d6 6. Be2 e5 7. Be3 Nc6 8. d5 Ne7 9. Nd2 Ne8 10. c5 f5 11. f3 f4 12. Bf2 g5 13. Nc4 Rf6 14. cxd6 cxd6 15. a4 Rg6 16. h3 h5 17. Nb5 a6 18. Bb6 Qd7 19. Nba3 Nf6 20. Ba5 Ra7 21. Nb6 Qe8 22. Nac4 Nd7 23. Rc1 g4 24. hxg4 hxg4 25. Qc2 gxf3 26. Bxf3 Nxb6 27. Bxb6 Ra8 28. Bh5 Qf8 29. Bxg6 Nxg6 30. Bc7 Bf6 31. Bxd6 Qd8 32. Bc5 Bh4+ 33. Bf2 Qg5 34. Nb6 Qxg2 35. Rxh4 Nxh4 36. Bxh4 Qg1+ 37. Kd2 Qe3+ 0-1

[Event "CZE-chTJ 9900"]
[Site "Czech Republic"]
[Date "1999.??.??"]
[Round "?"]
[White "Kotrba, Tomas"]
[Black "Mlcousek, Milan"]
[Result "0-1"]
[WhiteElo "2210"]
[BlackElo "2124"]
[PlyCount "48"]
[EventDate "1999.??.??"]
[EventType "team-tourn"]
[EventRounds "11"]
[EventCountry "CZE"]
[SourceTitle "EXT 2002"]
[Source "ChessBase"]
[SourceDate "2001.11.25"]
[SourceVersion "1"]
[SourceVersionDate "2001.11.25"]
[SourceQuality "1"]

1. d4 Nf6 2. Nf3 d6 3. Bf4 Nbd7 4. e3 g6 5. Be2 Bg7 6. 0-0 0-0 7. h3 c6 8. c4 a5 9. Nc3 Nb6 10. Qc2 Be6 11. b3 Bf5 12. e4 Nxe4 13. Nxe4 d5 14. cxd5 cxd5 15. Bc7 Qc8 16. Rac1 dxe4 17. Nh4 Nd5 18. Nxf5 gxf5 19. Qc5 Nb4 20. Bxa5 Nxa2 21. Qxc8 Rfxc8 22. Rxc8+ Rxc8 23. Rd1 Ra8 24. Bb6 Nc3 0-1

[Event "CZE-chT2V 9899"]
[Site "Czech Republic"]
[Date "1999.??.??"]
[Round "?"]
[White "Kotrba, Tomas"]
[Black "Trojan, Lubos"]
[Result "1-0"]
[WhiteElo "2210"]
[BlackElo "2090"]
[PlyCount "161"]
[EventDate "1998.??.??"]
[EventType "team-tourn"]
[EventRounds "11"]
[EventCountry "CZE"]
[SourceTitle "EXT 2000"]
[Source "ChessBase"]
[SourceDate "1999.11.16"]
[SourceVersion "1"]
[SourceVersionDate "1999.11.16"]
[SourceQuality "1"]

1. d4 d5 2. Nf3 c6 3. Bf4 Qb6 4. Qc1 Nf6 5. e3 Nbd7 6. c4 e6 7. Nc3 Qa5 8. a3 dxc4 9. Bxc4 b5 10. Be2 Nd5 11. Bg3 Bb7 12. 0-0 Nxc3 13. Qxc3 Qxc3 14. bxc3 Nb6 15. Nd2 Be7 16. c4 a6 17. Nb3 Rc8 18. Nc5 Bxc5 19. dxc5 Na4 20. Bd6 f6 21. Bd1 Nb2 22. Bb3 Nxc4 23. Bxc4 bxc4 24. Rab1 Ba8 25. Rfc1 Kf7 26. Rxc4 Rhd8 27. Ra4 Rd7 28. Rxa6 Rcd8 29. f3 e5 30. a4 Ke6 31. e4 Bb7 32. Ra7 Ba8 33. Ra6 Bb7 34. Ra7 Ba8 35. Ra5 Bb7 36. Kf2 Ra8 37. Rxa8 Bxa8 38. Ke3 Ra7 39. Rb4 Rb7 40. Rxb7 Bxb7 41. g3 Ba6 42. f4 g6 43. Kf3 Bc4 44. fxe5 fxe5 45. Kg4 Kf6 46. a5 Be2+ 47. Kh3 Bf1+ 48. Kh4 Be2 49. g4 Bd3 50. Bc7 Bc4 51. Bd8+ Kg7 52. Bc7 Kf6 53. Bd8+ Kg7 54. Be7 Ba6 55. Bd6 Kf6 56. Bf8 Bc8 57. Bh6 Ba6 58. Bg5+ Kg7 59. Bd2 Kf6 60. Bh6 Bc8 61. Kg3 Ba6 62. h4 Bc4 63. h5 Ba6 64. Kh4 Be2 65. Bg5+ Kg7 66. Bd8 Bc4 67. Kg5 h6+ 68. Kh4 Be2 69. Bc7 g5+ 70. Kg3 Kf6 71. Bd6 Kf7 72. Bxe5 Kg8 73. Bd6 Kf7 74. Be5 Kf8 75. Bf6 Kf7 76. e5 Bc4 77. Kf3 Ba6 78. Ke4 Bc8 79. Kd4 Kf8 80. e6 Bxe6 81. a6 1-0